000 00481nam a22001817a 4500
999 _c525862
_d525862
003 NUST
005 20190705062039.0
038 _aFaiza
082 _a891.421
_bSID
100 _aSiddique, Tarab Ahmad
_916808
245 _aMitti da Maan /
_cTarab Ahmad Siddique
260 _aRawalpindi:
_bGandhara Books,
_c1989.
300 _a96p. ;
500 _aHard Cover
880 _6100-01\r
_aطراب احمد صدیقی
880 _6245-02\r
_a /مٹی دا مان
942 _2ddc
_cBK